000 00846nam a2200253Ia 4500
003 OSt
005 20220923224046.0
006 a|||||r|||| 00| 0
007 ta
008 220922b |||||||| |||| 00| 0 hin d
024 _a224,537
037 _cTextual
040 _aARTS
_cARTS
_bhin
041 _2hin
_ahin
082 _aO152,1:gN, M7
100 _aचतुर्वेदी, जगदीश, संपा.
245 0 _aआज की हिन्दी कविता
246 _aĀj kī hindī kavitā
260 _aदिल्ली
_b प्रभात प्रकाशन
_c1987
300 _a176पृ.
_ccm.
650 _aहिन्दी साहित्य
_9156264
942 _hO152,1:gN, M7
_cTEXL
_2CC
999 _c368926
_d368926